Hriech (Record no. 20970)
[ view plain ]
| 000 -LEADER | |
|---|---|
| fixed length control field | 00780nam a22002531i 4500 |
| 001 - CONTROL NUMBER | |
| control field | 20970 |
| 003 - CONTROL NUMBER IDENTIFIER | |
| control field | VRT |
| 005 - DATE AND TIME OF LATEST TRANSACTION | |
| control field | 20260207124623.0 |
| 008 - FIXED-LENGTH DATA ELEMENTS--GENERAL INFORMATION | |
| fixed length control field | 090725s1922 SK r 000 slo d |
| 035 ## - SYSTEM CONTROL NUMBER | |
| System control number | (SVKBBclas03)vtls000117186 |
| 039 #9 - LEVEL OF BIBLIOGRAPHIC CONTROL AND CODING DETAIL [OBSOLETE] | |
| Level of rules in bibliographic description | 201904040812 |
| Level of effort used to assign nonsubject heading access points | AUTHORITY |
| Level of effort used to assign subject headings | 201904031225 |
| Level of effort used to assign classification | AUTHORITY |
| Level of effort used to assign subject headings | 201904031221 |
| Level of effort used to assign classification | AUTHORITY |
| 040 ## - CATALOGING SOURCE | |
| Original cataloging agency | SVKBB |
| Language of cataloging | slo |
| Transcribing agency | SVKBB |
| Description conventions | AACR2 |
| 041 0# - LANGUAGE CODE | |
| Language code of text/sound track or separate title | slo |
| 080 ## - UNIVERSAL DECIMAL CLASSIFICATION NUMBER | |
| Universal Decimal Classification number | 885.4-2 |
| 090 ## - LOCALLY ASSIGNED LC-TYPE CALL NUMBER (OCLC); LOCAL CALL NUMBER (RLIN) | |
| Classification number (OCLC) (R) ; Classification number, CALL (RLIN) (NR) | O 1148 |
| 100 1# - MAIN ENTRY--PERSONAL NAME | |
| Personal name | Tajovský, Jozef Gregor, |
| Dates associated with a name | 1874-1940 |
| 245 10 - TITLE STATEMENT | |
| Title | Hriech |
| Statement of responsibility, etc. | Gregor Tajovský |
| 260 ## - PUBLICATION, DISTRIBUTION, ETC. | |
| Place of publication, distribution, etc. | Turčiansky sv. Martin |
| Name of publisher, distributor, etc. | Tlačou Kníhtl. úč. spolku |
| Date of publication, distribution, etc. | 1922 |
| 300 ## - PHYSICAL DESCRIPTION | |
| Extent | 32 s. |
| Dimensions | 12 cm |
| 440 ## - SERIES STATEMENT/ADDED ENTRY--TITLE | |
| Title | (Spisy Gregora Tajovského. |
| 650 07 - SUBJECT ADDED ENTRY--TOPICAL TERM | |
| Topical term or geographic name entry element | slovenská dráma |
| Source of heading or term | hŠVKBB |
| 942 ## - ADDED ENTRY ELEMENTS (KOHA) | |
| Source of classification or shelving scheme | Dewey Decimal Classification |
| Koha item type | Krásna literatúra pre dospelých |
| Suppress in OPAC | No |
| 949 ## - LOCAL PROCESSING INFORMATION (OCLC) | |
| 6 | 270001000139869 |
| a | svkbbO 1148 |
| p | 642.822 |
| Stav vyradenia | Strata | Poškodenie | Spôsob nadobudnutia | Domovská knižnica | Aktuálna knižnica | Dátum nadobudnutia | Total checkouts | Čiarový kód exemplára | Date last seen | Typ exemplára | Verejná poznámka |
|---|---|---|---|---|---|---|---|---|---|---|---|
| Dar | Obecná knižnica Horná Štubňa | Obecná knižnica Horná Štubňa | 07.02.2026 | 4736201141 | 07.02.2026 | Krásna literatúra pre dospelých | divadelná hra |
